Kierowcy Formuły 1, sezon 2024 - Statystyki

Ogólne statystyki
  • Ten quiz został rozwiązany 66 razy
  • Średni wynik to 14 z 20
Statystyki odpowiedzi
Zespół: Kraj: Kierowca: % Poprawnych
Mercedes Wielka Brytania Lewis Hamilton
98%
Ferrari Monako Charles Leclerc
86%
Red Bull Holandia Max Verstappen
86%
Ferrari Hiszpania Carlos Sainz
80%
McLaren Wielka Brytania Lando Norris
78%
Red Bull Meksyk Sergio Perez
78%
Aston Martin Hiszpania Fernando Alonso
76%
Alpine Francja Pierre Gasly
76%
Alpine Francja Esteban Ocon
73%
McLaren Australia Oscar Piastri
69%
RB Japonia Yuki Tsunoda
69%
Mercedes Wielka Brytania George Russell
67%
Haas Niemcy Nico Hulkenberg
67%
Haas Dania Kevin Magnussen
65%
Aston Martin Kanada Lance Stroll
65%
Sauber Finlandia Valtteri Bottas
59%
Williams Tajlandia Alexander Albon
55%
Sauber Chiny Guanyu Zhou
55%
RB Australia Daniel Ricciardo
51%
Williams USA Logan Sargeant
43%
Nie znaleziono quizów pasujących do podanych kryteriów
Rozkład punktacji
Procent ludzi z każdym wynikiem
Percentyl według liczby udzielonych odpowiedzi
Twoja historia wyników
Nie rozwiązałeś tego quizu